[Event "TIPC 2011"]
[Site "Roux, BEL"]
[Date "2011.08.03"]
[Round "6.8"]
[White "Schuermans, Robert"]
[Black "Uhoda, Philippe"]
[Result "1/2-1/2"]
[BlackElo "2100"]
[WhiteElo "2143"]

1.e4 c5 2.Nf3 Nc6 3.d4 cxd4 4.Nxd4 Nf6 5.Nc3 d6 6.Bc4 Qb6 7.Nxc6 bxc6 8.O-O g6
9.Qe1 Bg7 10.e5 dxe5 11.Qxe5 Qb4 12.Qf4 Qb8 13.Qf3 O-O 14.h3 Qb6 15.Bb3 Bb7 16.
Na4 Qa5 17.c4 Rab8 18.Qe3 Rfe8 19.Bd2 Qc7 20.Bc3 e5 21.Nc5 Bc8 22.Rad1 Bf8 23.
Nd3 Nd7 24.c5 Ba6 25.Qf3 Rxb3 26.axb3 e4 27.Qe3 Re7 28.Qd4 f6 29.Nb4 Bxf1 30.
Rxf1 Bg7 31.Qd6 Qxd6 32.cxd6 Re6 33.Rd1 c5 34.Nc6 Bf8 35.Nxa7 Rxd6 36.Rxd6 Bxd6
37.Nb5 Bf8 38.Nc7 Kf7 39.Kf1 Bd6 40.Nb5 Bf8 41.Nc7 f5 42.Ke2 Nb8 43.f3 exf3 44.
gxf3 g5 45.Kd3 h5 46.Kc4 g4 47.fxg4 fxg4 48.hxg4 hxg4 49.Kd5 Nd7 50.Be1 Nf6 51.
Ke5 Kg6 52.Ne6 Nd7 53.Kf4 Bh6 54.Kxg4 Ne5 55.Kg3 Nd3 56.Bf2 Kf5 57.Nxc5 Nxc5
58.Bxc5 Ke4 59.Kf2 Kd5 60.Ba3 Kd4 61.Ke2 Ke4 62.Be7 Bc1 63.Bf6 Kd5 64.Kd3 Kc5
65.Bd4 Kb5 66.Kc2 Bg5 67.Kc3 Bf4 68.Bh8 1/2-1/2

[Event "TIPC 2011"]
[Site "Roux, BEL"]
[Date "2011.08.03"]
[Round "6.9"]
[White "Ponnet, Hendrik"]
[Black "Geboers, Jimmy"]
[Result "1-0"]
[BlackElo "1968"]
[WhiteElo "2159"]

1.e4 d5 2.Nc3 e6 3.g3 Nf6 4.Bg2 c5 5.f4 Nc6 6.e5 Nd7 7.Nf3 Be7 8.O-O O-O 9.Qe2
f6 10.d3 d4 11.Nd1 f5 12.Nf2 Qc7 13.g4 g6 14.h4 b5 15.h5 Nb6 16.hxg6 hxg6 17.
gxf5 gxf5 18.Nh3 Kf7 19.Nhg5 Ke8 20.Kf2 Rb8 21.Rh1 Nd8 22.Bd2 Bxg5 23.Nxg5 Nf7
24.Nh7 Rh8 25.Nf6 Kd8 26.Rxh8 Nxh8 27.Rh1 Nf7 28.Rh7 Ke7 29.Rxf7 1-0

[Event "TIPC 2011"]
[Site "Roux, BEL"]
[Date "2011.08.03"]
[Round "6.10"]
[White "Timmermans, Daniel"]
[Black "Verspecht, Thierry"]
[Result "0-1"]
[BlackElo "2077"]
[WhiteElo "1943"]

1.d4 Nf6 2.c4 g6 3.Nc3 Bg7 4.e4 d6 5.f4 O-O 6.Be2 Na6 7.e5 Nd7 8.Nf3 c5 9.d5
dxe5 10.fxe5 Nxe5 11.Bf4 Ng4 12.Qd2 e5 13.Bg5 f6 14.h3 Nf2 15.Kxf2 fxg5 16.Ne4
Rf4 17.Bd3 g4 18.hxg4 Bxg4 19.Raf1 Qf8 20.Kg3 Bxf3 21.Rxf3 Bh6 22.Qe2 Re8 23.
Kf2 Nb8 24.g3 Rxf3 25.Qxf3 Nd7 26.Qxf8 Rxf8 27.Ke2 Kg7 28.a3 a5 29.Rb1 Ra8 30.
b3 Kg8 31.Nd6 b6 32.Ne4 Bf8 33.Rf1 Be7 34.Rb1 Kg7 35.Rf1 h6 36.Rb1 Nf8 37.Rf1
a4 38.Rb1 axb3 39.Rxb3 Nd7 40.Kd2 Rf8 41.Ke2 Rf5 42.a4 Rf8 43.a5 Rb8 44.axb6
Rxb6 45.Rxb6 Nxb6 46.d6 Bf8 47.Nxc5 Bxd6 48.Ne6 Kf6 49.c5 Nd5 50.cxd6 Kxe6 51.
Bxg6 Kxd6 52.Kf3 Nf6 53.Bf5 Kd5 54.Ke3 Kd6 55.Bc8 Kc5 56.Bf5 Kd5 57.Bc8 e4 58.
Kf4 Kd4 59.Kf5 e3 60.Ba6 Nd7 61.Kg6 Ne5 0-1

[Event "TIPC 2011"]
[Site "Roux, BEL"]
[Date "2011.08.03"]
[Round "6.12"]
[White "Willockx, Ritsaart"]
[Black "Callier, Christophe"]
[Result "0-1"]
[BlackElo "2051"]
[WhiteElo "1961"]

1.d4 Nf6 2.c4 g6 3.Nc3 Bg7 4.e4 d6 5.f3 O-O 6.Be3 c6 7.Qd2 a6 8.O-O-O b5 9.g4
bxc4 10.Bxc4 d5 11.exd5 Nxd5 12.Nxd5 cxd5 13.Bb3 Nc6 14.h4 Na5 15.h5 Rb8 16.
hxg6 Nxb3 17.axb3 fxg6 18.Qh2 Rxb3 19.Qxh7 Kf7 20.Bh6 Qc7 21.Kb1 Bf5 22.gxf5
Rxb2 23.Ka1 Qa5 24.Kxb2 Rb8 0-1

[Event "TIPC 2011"]
[Site "Roux, BEL"]
[Date "2011.08.03"]
[Round "6.13"]
[White "De Strycker, Nathan"]
[Black "Van Vlaenderen, Koen"]
[Result "1-0"]
[BlackElo "2031"]
[WhiteElo "1800"]

1.d4 Nf6 2.c4 d6 3.Nc3 Nbd7 4.e4 e5 5.Nf3 exd4 6.Nxd4 g6 7.Be2 Bg7 8.O-O O-O 9.
f3 Re8 10.Be3 c6 11.Bf2 Nb6 12.Rc1 d5 13.cxd5 cxd5 14.Ncb5 Re7 15.Nb3 a6 16.Nc3
Re8 17.a4 Bd7 18.Nc5 Bc6 19.b3 dxe4 20.fxe4 Nbd7 21.Nxd7 Nxd7 22.Bc4 Ne5 23.Nd5
Rc8 24.Nb6 Qxd1 25.Rcxd1 Rcd8 26.Bd5 Bxd5 27.Nxd5 Rc8 28.Bd4 Ng4 29.h3 Ne5 30.
Nf6 Bxf6 31.Rxf6 Rcd8 32.Rff1 Nc6 33.Bf6 Rxd1 34.Rxd1 Rxe4 35.Rd7 Re1 36.Kh2
Re6 37.Bg5 f6 38.Bd2 Re7 39.Rd5 Kf7 40.Bc1 Ke6 41.Rd3 Ne5 42.Rc3 Rd7 43.Rc8 Kd5
44.Bb2 f5 45.b4 Nc4 46.Rc5 Ke6 47.Rxc4 1-0

[Event "TIPC 2011"]
[Site "Roux, BEL"]
[Date "2011.08.03"]
[Round "6.14"]
[White "Truwant, Pieter"]
[Black "Ancion, Merowig"]
[Result "1-0"]
[BlackElo "1864"]
[WhiteElo "2021"]

1.e4 e5 2.Nf3 Nc6 3.d4 exd4 4.Bc4 Nf6 5.e5 d5 6.Bb5 Ne4 7.Nxd4 Bd7 8.Bxc6 bxc6
9.O-O Bc5 10.f3 Ng5 11.f4 Ne6 12.c3 f5 13.Be3 O-O 14.Nd2 Nxd4 15.Bxd4 Be7 16.
Nb3 a5 17.a4 Rf7 18.Re1 Be6 19.Nc5 Bxc5 20.Bxc5 g5 21.Qd2 gxf4 22.Qxf4 Rg7 23.
Re3 Qg5 24.Qxg5 Rxg5 25.Rg3 Rxg3 26.hxg3 Kf7 27.Kf2 Kg6 28.Rh1 Re8 29.Ke3 Bc8
30.Kd4 Ba6 31.b4 Bc4 32.bxa5 h5 33.Re1 Kf7 34.Bb4 Re6 35.Ba3 Rg6 36.Re3 Ke6 37.
Kc5 Kd7 38.e6 Rxe6 39.Rxe6 Kxe6 40.Kxc6 Ke5 41.Bc1 Ke4 42.Bg5 Kd3 43.Bf6 Kc2
44.Kxc7 Kb3 45.Kb6 Kxa4 46.a6 d4 47.cxd4 Bd5 48.Kc5 Ba8 49.d5 1-0

[Event "TIPC 2011"]
[Site "Roux, BEL"]
[Date "2011.08.03"]
[Round "6.16"]
[White "Morozova, Julia"]
[Black "Willen, Ronny"]
[Result "0-1"]
[BlackElo "1842"]
[WhiteElo "2109"]

1.d4 Nf6 2.c4 g6 3.Nc3 Bg7 4.e4 d6 5.f3 O-O 6.Be3 c5 7.dxc5 dxc5 8.Qxd8 Rxd8 9.
Bxc5 Nc6 10.Nd5 Nd7 11.Ba3 e6 12.Ne3 a5 13.f4 Nb4 14.Nf3 Nc5 15.e5 Ncd3 16.Bxd3
Nxd3 17.Kf1 Nxf4 18.g3 Nh5 19.Ke2 Bd7 20.Bd6 Bc6 21.Rhd1 Bf8 22.Nd4 Bxd6 23.
Nxc6 bxc6 24.exd6 c5 25.Rd3 a4 26.Nc2 Nf6 27.Rad1 Rd7 28.Na3 Ng4 29.h3 Ne5 30.
Rc3 Rb8 31.b3 axb3 32.axb3 Ra8 33.Nb5 Nc6 34.Ke3 Nb4 35.g4 h6 36.h4 Ra2 37.Kf3
Nc6 38.Kg3 e5 39.Re3 f5 40.gxf5 gxf5 41.Kh3 f4 42.Ree1 Rb2 43.Rd5 Rg7 44.Rd3 h5
45.Nc3 Rgg2 46.Rh1 Kf7 47.Ne4 Rge2 48.Nxc5 e4 49.Rc3 Rbd2 50.d7 Ke7 51.Na4 Nb4
52.Nb6 Nd3 53.Nd5 Kxd7 54.Nxf4 Re3 0-1

[Event "TIPC 2011"]
[Site "Roux, BEL"]
[Date "2011.08.03"]
[Round "6.17"]
[White "Leghbali, Sophiane"]
[Black "Van Mechelen, Jan"]
[Result "0-1"]
[BlackElo "2242"]
[WhiteElo "1908"]

1.e4 c5 2.Nf3 d6 3.d4 cxd4 4.Nxd4 Nf6 5.Nc3 a6 6.Be2 e5 7.Nb3 Be7 8.O-O O-O 9.
f4 b5 10.a3 Nbd7 11.f5 Bb7 12.Bf3 Nb6 13.Na5 Qc7 14.Nxb7 Qxb7 15.Qd3 h6 16.g4
Nh7 17.Bg2 Qc7 18.Qg3 Qd8 19.b3 Rc8 20.Bd2 Bh4 21.Qd3 Bg5 22.Be1 Rc6 23.Rd1 Bh4
24.Bd2 Qc7 25.Rf3 Rc8 26.h3 Qe7 27.Rc1 Bg5 28.Ne2 d5 29.Bb4 Qa7 30.Kh1 Bxc1 31.
Nxc1 Rxc2 32.Ne2 dxe4 0-1

[Event "TIPC 2011"]
[Site "Roux, BEL"]
[Date "2011.08.03"]
[Round "6.18"]
[White "Knudde, Francis"]
[Black "Remy, Joel"]
[Result "1/2-1/2"]
[BlackElo "2089"]
[WhiteElo "1849"]

1.d4 Nf6 2.Nf3 g6 3.c4 Bg7 4.Nc3 d6 5.e4 c5 6.d5 O-O 7.Bf4 Na6 8.Qd2 Nc7 9.Bh6
a6 10.h4 Bxh6 11.Qxh6 Ng4 12.Qd2 h5 13.Be2 b5 14.Nh2 Kg7 15.Nxg4 hxg4 16.h5 Rh8
17.O-O-O bxc4 1/2-1/2

[Event "TIPC 2011"]
[Site "Roux, BEL"]
[Date "2011.08.03"]
[Round "6.19"]
[White "Micottis, Dorian"]
[Black "Werner, Ivan"]
[Result "0-1"]
[BlackElo "2068"]
[WhiteElo "1843"]

1.e4 e5 2.Nf3 d6 3.d4 Nf6 4.Nc3 Nbd7 5.dxe5 dxe5 6.Bc4 Bc5 7.Bg5 h6 8.Bh4 c6 9.
Qe2 b5 10.Bd3 Qc7 11.O-O a6 12.Bg3 Nh5 13.a4 Nxg3 14.hxg3 Bb7 15.axb5 axb5 16.
Rxa8 Bxa8 17.Nd1 Qa7 18.c3 O-O 19.b4 Bb6 20.Nh4 Nf6 21.Nf5 Rd8 22.Nde3 Bxe3 23.
Nxe3 Bb7 24.Rd1 g6 25.Bb1 Qb8 26.Rxd8 Qxd8 27.Qd3 Qe7 28.f3 Bc8 29.Ba2 Kg7 30.
Kf2 h5 31.Bb3 Nd7 32.Qd2 Nf8 33.Qd3 h4 34.gxh4 Qxh4 35.g3 Qh2 36.Ng2 Nh7 37.f4
Bh3 38.Qf3 Nf6 39.fxe5 Ng4 40.Ke2 Qxg2 41.Qxg2 Bxg2 42.e6 fxe6 43.Bxe6 Ne5 44.
Ke3 Kf6 45.Bb3 Ke7 46.Kd4 Kd6 47.Bd1 Bf3 48.Bc2 Bg4 49.Bb3 Nf3 50.Ke3 Ke5 51.
Bf7 g5 52.Be8 Kd6 53.Bf7 Ne5 54.Bb3 Bh5 55.Ba2 Bf7 56.Bb1 c5 57.Bc2 cxb4 58.
cxb4 Bc4 59.Bd1 Nc6 60.Kf3 Ke5 61.Kg4 Kf6 62.Kh5 Bf7 63.Kh6 Bg6 0-1

[Event "TIPC 2011"]
[Site "Roux, BEL"]
[Date "2011.08.03"]
[Round "6.20"]
[White "Ackaert, Thierry"]
[Black "Wirth, Charles"]
[Result "1-0"]
[BlackElo "1879"]
[WhiteElo "2061"]

1.e4 e6 2.d4 d5 3.Nd2 Nf6 4.e5 Nfd7 5.Bd3 c5 6.c3 Nc6 7.Ne2 Qb6 8.Nf3 f6 9.exf6
Nxf6 10.O-O Bd7 11.Re1 O-O-O 12.a3 c4 13.Bc2 Bd6 14.Rb1 Na5 15.Bf4 Rdf8 16.Bxd6
Qxd6 17.Ne5 Be8 18.b3 cxb3 19.Bxb3 Nxb3 20.Qxb3 Qa6 21.c4 Ne4 22.cxd5 Ba4 23.
Qh3 Rf6 24.dxe6 Qxe6 25.Qxe6 Rxe6 26.Nf4 1-0

[Event "TIPC 2011"]
[Site "Roux, BEL"]
[Date "2011.08.03"]
[Round "6.21"]
[White "George, Michael"]
[Black "Watelet, Sylvain"]
[Result "0-1"]
[BlackElo "1890"]
[WhiteElo "2009"]

1.d4 Nf6 2.Nf3 g6 3.g3 Bg7 4.Bg2 d5 5.O-O O-O 6.c4 Nbd7 7.cxd5 Nxd5 8.Qb3 c6 9.
Nc3 Nxc3 10.bxc3 e5 11.Rd1 Qb6 12.Be3 Qxb3 13.axb3 exd4 14.Bxd4 Bxd4 15.Nxd4
Nf6 16.c4 c5 17.Nb5 a6 18.Nd6 Rb8 19.Nxc8 Rfxc8 20.Rd6 Kg7 21.Rb6 Rc7 22.Raxa6
Nd7 23.Rxb7 Rbxb7 24.Bxb7 Rxb7 25.Rc6 Kf8 26.Rd6 Ke7 27.Rd3 Nb8 28.Rd5 Na6 29.
Rd3 Rd7 30.Kf1 Nb4 31.Rc3 Kd6 32.Ke1 Kc7 33.h4 Nc6 34.f4 Na5 35.g4 Kc6 36.f5
gxf5 37.gxf5 Rd4 38.Rg3 Rxh4 39.Rg7 f6 40.Ra7 Nxb3 41.Ra6 Kd7 42.Rxf6 Ke7 43.
Re6 Kf7 44.e4 Nd4 45.Ra6 Rxe4 46.Kd1 Nxf5 47.Kc2 Rxc4 48.Kd3 Rd4 49.Kc3 Rd6 0-1

[Event "TIPC 2011"]
[Site "Roux, BEL"]
[Date "2011.08.03"]
[Round "6.22"]
[White "Atanasiu, Nicolae"]
[Black "Marchal, Patrice"]
[Result "1-0"]
[BlackElo "1860"]
[WhiteElo "2007"]

1.d4 d5 2.Nc3 e6 3.e4 dxe4 4.Nxe4 Nf6 5.Bg5 Be7 6.Bxf6 Bxf6 7.Nf3 Be7 8.Qd2 b6
9.O-O-O Bb7 10.Bb5 Nd7 11.Qe2 a6 12.Bd3 Nf6 13.Neg5 Bxf3 14.Nxf3 Nd5 15.Bc4 b5
16.Bb3 O-O 17.h4 Qd6 18.g3 a5 19.Qe5 Qc6 20.Bxd5 Qxd5 21.Qxd5 exd5 22.Rhe1 Bd6
23.Ne5 Bxe5 24.Rxe5 c6 25.Rde1 Ra7 26.Re7 Rxe7 27.Rxe7 Rc8 28.Kd2 Kf8 29.Ra7 a4
30.Kc3 Re8 31.Rc7 Re2 32.Rxc6 Rxf2 33.Kb4 Rd2 34.Kxb5 Rxd4 35.Kc5 Rd2 36.Kd6 g6
37.Rc8 Kg7 38.b3 axb3 39.axb3 d4 40.b4 d3 41.c4 Re2 42.Rd8 Re8 43.Rd7 Rc8 44.c5
Kf6 45.Kd5 Kf5 46.Kc4 Kg4 47.Rxd3 h6 48.b5 f5 49.b6 g5 50.hxg5 hxg5 51.b7 1-0

[Event "TIPC 2011"]
[Site "Roux, BEL"]
[Date "2011.08.04"]
[Round "7.1"]
[White "Le Quang, Kim"]
[Black "Laurent, Bruno"]
[Result "1/2-1/2"]
[BlackElo "2365"]
[WhiteElo "2319"]

1.c4 e5 2.g3 Nf6 3.Bg2 Nc6 4.Nc3 Bc5 5.d3 h6 6.Nf3 d6 7.O-O O-O 8.a3 a6 9.b4
Ba7 10.Bb2 Be6 1/2-1/2

[Event "TIPC 2011"]
[Site "Roux, BEL"]
[Date "2011.08.04"]
[Round "7.2"]
[White "Noiroux, Kevin"]
[Black "Vandevoort, Pascal"]
[Result "0-1"]
[BlackElo "2409"]
[WhiteElo "2199"]

1.d4 Nf6 2.c4 g6 3.Nc3 Bg7 4.e4 d6 5.Be2 O-O 6.f4 e5 7.dxe5 dxe5 8.Qxd8 Rxd8 9.
fxe5 Nfd7 10.Nd5 Na6 11.Bg5 Re8 12.Ne7 Kf8 13.e6 Ndc5 14.Nxc8 Nxe6 15.Bh4 Bxb2
16.Rb1 Bc3 17.Kd1 Raxc8 18.Rxb7 Bd4 19.Nf3 Bb6 20.Rf1 Nac5 21.Rxb6 cxb6 22.e5
h6 23.Nd2 Ng5 24.Bf3 Nxf3 25.Nxf3 g5 26.Be1 g4 27.Nh4 Rc6 28.Bc3 Nd7 29.Bb4 Kg8
30.Nf5 Nxe5 31.Ne7 Rxe7 32.Bxe7 Kg7 33.c5 bxc5 34.Bh4 Kg6 35.Kc2 Ra6 36.Kb3 c4
37.Kb2 f5 38.Bg3 Kf6 39.h3 h5 40.Bh4 Ke6 41.hxg4 hxg4 42.Re1 Kd5 43.Rf1 f4 0-1

[Event "TIPC 2011"]
[Site "Roux, BEL"]
[Date "2011.08.04"]
[Round "7.3"]
[White "Maes, Wim"]
[Black "Lacroix, Bruno"]
[Result "1/2-1/2"]
[BlackElo "2185"]
[WhiteElo "2245"]

1.e4 e6 2.d3 c5 3.g3 Nc6 4.Bg2 g6 5.Nf3 Bg7 6.O-O Nge7 7.Re1 d6 8.c3 e5 9.a3
O-O 10.b4 h6 11.Bb2 f5 12.Nbd2 g5 13.b5 Na5 14.d4 f4 15.Qa4 Be6 16.Rad1 Qc7 17.
h3 1/2-1/2

[Event "TIPC 2011"]
[Site "Roux, BEL"]
[Date "2011.08.04"]
[Round "7.4"]
[White "Di Cosmo, Jonathan"]
[Black "Rooze, Jan"]
[Result "0-1"]
[BlackElo "2363"]
[WhiteElo "2073"]

1.d4 Nf6 2.c4 c5 3.d5 e6 4.Nc3 exd5 5.cxd5 d6 6.e4 g6 7.Bd3 Bg7 8.h3 a6 9.a4
Nbd7 10.Nf3 O-O 11.O-O b6 12.Bf4 Ne8 13.Re1 f6 14.Rb1 Ne5 15.Be2 Ra7 16.Qd2 a5
17.Nb5 Re7 18.b3 Nf7 19.Bd3 Bh8 20.Na3 Nc7 21.Rbd1 Na6 22.Bb5 Nb4 23.Nc4 Bg7
24.Re2 h6 25.Bg3 g5 26.Rde1 Ne5 27.Nfxe5 fxe5 28.f3 Ref7 29.Rf2 h5 30.Ref1 Bf6
31.Bh2 Rh7 32.Ne3 Be7 33.Be2 Bd7 34.Kh1 Kh8 35.Nc4 Be8 36.Ne3 Bg6 37.g4 hxg4
38.hxg4 Rf6 39.Kg2 Qf8 40.Rh1 Bxe4 41.Rff1 Bg6 42.Nc4 Bf7 43.Ne3 Bd8 44.Bd3
Nxd3 45.Qxd3 Bg6 46.Qb5 e4 47.Nc4 exf3 48.Kf2 Be8 49.Qa6 Rfh6 50.Bxd6 Rxd6 51.
Nxd6 Qxd6 52.Rxh7 Kxh7 53.Rh1 Kg8 54.Qd3 Bg6 55.Qxf3 Bf6 56.Kg2 Qe5 0-1

[Event "TIPC 2011"]
[Site "Roux, BEL"]
[Date "2011.08.04"]
[Round "7.5"]
[White "De Villers, Mourad"]
[Black "Cools, Gorik"]
[Result "0-1"]
[BlackElo "2230"]
[WhiteElo "2121"]

1.c4 e5 2.g3 Nf6 3.Bg2 Nc6 4.Nc3 Bb4 5.Nd5 a5 6.e3 O-O 7.Ne2 d6 8.O-O Bc5 9.d4
Ba7 10.h3 exd4 11.exd4 Nxd5 12.cxd5 Ne7 13.g4 Ng6 14.f4 f5 15.Nc3 fxg4 16.hxg4
Qh4 17.Nb5 Bxg4 18.Qc2 Bb6 19.f5 Ne7 20.f6 Rxf6 21.Rxf6 Qxf6 22.Be3 Nf5 23.Bf2
Re8 24.Be4 Qg6 25.Kh2 Qh5 26.Kg1 Bf3 27.Bxf3 Qxf3 28.Re1 Rxe1 0-1

[Event "TIPC 2011"]
[Site "Roux, BEL"]
[Date "2011.08.04"]
[Round "7.6"]
[White "Sclacmender, Julien"]
[Black "Truwant, Pieter"]
[Result "1/2-1/2"]
[BlackElo "2021"]
[WhiteElo "2221"]

1.e4 e6 2.d4 d5 3.Nc3 Nc6 4.e5 f6 5.Nf3 Qe7 6.Bd3 Bd7 7.O-O O-O-O 8.Ne2 Qf7 9.
c3 Nge7 10.b4 Ng6 11.b5 Na5 12.Qa4 b6 13.Bd2 Kb8 14.Nc1 Qe8 15.Rb1 a6 16.Re1 f5
17.Bf1 axb5 18.Bxb5 Bxb5 19.Rxb5 Nc4 20.Qa6 Qc6 21.Bg5 Rc8 22.Nd3 Qa8 23.Qxa8
Kxa8 24.Nd2 Na3 25.Rb3 h6 26.Be3 Nc2 27.Rc1 Nxe3 28.fxe3 Be7 29.a4 Bg5 30.Nf1
f4 31.exf4 Nxf4 32.Nxf4 Bxf4 33.Ra1 Rb8 34.g3 Bg5 35.Rab1 h5 36.Rb5 Kb7 37.h4
Bh6 38.Kf2 g5 39.hxg5 Bxg5 40.Ke2 Ra8 41.a5 Ra6 42.Nh2 Rha8 43.Nf3 Be7 44.axb6
Rxb6 45.Kd3 Kc6 46.Rxb6 cxb6 47.Rh1 Rg8 48.Rxh5 Rxg3 49.Ke3 Rg7 50.Rh6 Kd7 51.
Rh8 Bd8 52.Rh1 1/2-1/2

[Event "TIPC 2011"]
[Site "Roux, BEL"]
[Date "2011.08.04"]
[Round "7.9"]
[White "Callier, Christophe"]
[Black "Van Uytven, Eric"]
[Result "1/2-1/2"]
[BlackElo "2158"]
[WhiteElo "2051"]

1.e4 e5 2.Nf3 Nf6 3.Nxe5 d6 4.Nf3 Nxe4 5.Qe2 Qe7 6.d3 Nf6 7.Bg5 Qxe2 8.Bxe2 Be7
9.O-O h6 10.Bd2 c6 11.Nc3 Na6 12.Rae1 Kd8 1/2-1/2

[Event "TIPC 2011"]
[Site "Roux, BEL"]
[Date "2011.08.04"]
[Round "7.12"]
[White "Barbier, Wim"]
[Black "Vivone, Santino"]
[Result "1-0"]
[BlackElo "1966"]
[WhiteElo "2147"]

1.Nf3 f5 2.c4 e6 3.g3 b6 4.Bg2 Bb7 5.O-O Nf6 6.d3 Be7 7.Nc3 O-O 8.e4 fxe4 9.Ng5
Na6 10.Ncxe4 Nxe4 11.Nxe4 Nc5 12.Nxc5 Bxg2 13.Nxe6 Bf3 14.Nxd8 Bxd1 15.Rxd1
Raxd8 16.Bf4 c5 17.Re1 Bf6 18.Be5 d5 19.Kf1 Kf7 20.Re2 Rfe8 21.Rae1 Bxe5 22.
Rxe5 Rxe5 23.Rxe5 dxc4 24.dxc4 Rd1 25.Re1 Rd2 26.Re2 Rd1 27.Kg2 Rc1 28.b3 a5
29.a4 Rb1 30.Re3 g5 31.Kf3 h5 32.Ke4 Ke6 33.f4 gxf4 34.gxf4 Rf1 35.Rh3 Re1 36.
Kd3 Kf5 37.Rxh5 Kxf4 38.Rh6 Re3 39.Kc2 Re2 40.Kc3 Re3 41.Kb2 Re8 42.Rxb6 Re2
43.Ka3 Rxh2 44.Rb5 1-0

[Event "TIPC 2011"]
[Site "Roux, BEL"]
[Date "2011.08.04"]
[Round "7.13"]
[White "Uhoda, Philippe"]
[Black "Bruno, Ricardo"]
[Result "1-0"]
[BlackElo "1954"]
[WhiteElo "2100"]

1.d4 Nf6 2.c4 e6 3.Nc3 Bb4 4.Bd2 c5 5.Nf3 cxd4 6.Nxd4 O-O 7.Nc2 Be7 8.e3 Nc6 9.
g4 d5 10.g5 Ne4 11.Nxe4 dxe4 12.Qg4 e5 13.Qxe4 g6 14.Qd5 Qc7 15.Qg2 e4 16.Bc3
Rd8 17.h4 Bf5 18.Be2 Ne5 19.Nd4 Qd7 20.Nxf5 Qxf5 21.Qh3 Nd3 22.Bxd3 Qxh3 23.
Rxh3 Rxd3 24.Rc1 Rc8 25.Bd4 Bb4 26.Ke2 Rd2 27.Kf1 Bc5 28.Bc3 Rd3 29.Ke2 Rcd8
30.Rg3 Re8 31.Rg4 Rd7 32.Rd1 Rxd1 33.Kxd1 Re6 34.Kc2 Kf8 35.b4 Be7 36.Kb3 Ke8
37.c5 a5 38.a3 Kd7 39.Rf4 axb4 40.axb4 Ke8 41.Kc4 b6 42.Kd5 bxc5 43.bxc5 Ra6
44.Rxe4 Kd7 45.c6 1-0

[Event "TIPC 2011"]
[Site "Roux, BEL"]
[Date "2011.08.04"]
[Round "7.14"]
[White "Werner, Ivan"]
[Black "Vandecasteele, Louis"]
[Result "1-0"]
[BlackElo "1950"]
[WhiteElo "2068"]

1.e4 e6 2.d4 d5 3.Nc3 Nf6 4.Bg5 Be7 5.e5 Nfd7 6.Bxe7 Qxe7 7.f4 a6 8.Nf3 c5 9.
Qd2 Nc6 10.dxc5 Qxc5 11.Bd3 b5 12.a3 Qb6 13.Qf2 Qxf2 14.Kxf2 Nc5 15.b4 Nxd3 16.
cxd3 Bb7 17.Rac1 Rc8 18.Ne2 Ke7 19.Rc5 f6 20.exf6 gxf6 21.Rhc1 Rhd8 22.Re1 Kf7
23.Ned4 Nxd4 24.Nxd4 Rxc5 25.bxc5 Bc8 26.Nc6 Rd7 27.d4 Rc7 28.Na5 Bd7 29.Re3
Be8 30.Ke2 Ke7 31.Kd2 Bg6 32.Kc3 Be4 33.Kb4 e5 34.fxe5 fxe5 35.dxe5 Ke6 36.c6
Kxe5 37.Kc5 Rg7 38.Nb3 Rxg2 39.Nd4 Rg7 40.Re1 Rf7 41.Rd1 Rc7 42.Rf1 Rg7 43.Rf8
Rg1 44.Re8 Kf6 45.c7 1-0

[Event "TIPC 2011"]
[Site "Roux, BEL"]
[Date "2011.08.04"]
[Round "7.15"]
[White "Dessomme, Francois"]
[Black "Ackaert, Thierry"]
[Result "0-1"]
[BlackElo "2061"]
[WhiteElo "1962"]

1.d4 Nf6 2.Nf3 b5 3.e3 a6 4.Bd3 e6 5.e4 Bb7 6.e5 Nd5 7.Nc3 Nxc3 8.bxc3 c5 9.Qe2
Nc6 10.O-O Be7 11.c4 cxd4 12.cxb5 axb5 13.Bxb5 Qc7 14.Bb2 Nb4 15.Bc4 Rc8 16.Bb3
Ba6 17.Qd2 Bxf1 18.Kxf1 O-O 19.Bxd4 Nc6 20.Bb2 f6 21.exf6 Bxf6 22.Bxf6 Rxf6 23.
Rd1 Rd8 24.Qc3 Qb6 25.Rd2 Kh8 26.Ng5 Qb5 27.Ke1 Qxg5 28.Qxc6 Qxd2 0-1

[Event "TIPC 2011"]
[Site "Roux, BEL"]
[Date "2011.08.04"]
[Round "7.16"]
[White "Baudoin, Olivier"]
[Black "Atanasiu, Nicolae"]
[Result "0-1"]
[BlackElo "2007"]
[WhiteElo "1961"]

1.d4 b6 2.e4 Bb7 3.Bd3 Nf6 4.Qe2 Nc6 5.c3 e5 6.d5 Ne7 7.Nf3 Ng6 8.h4 h5 9.Bg5
Be7 10.Nbd2 Nh7 11.Be3 Nf6 12.O-O-O a6 13.Nf1 d6 14.Ng3 Nf4 15.Bxf4 exf4 16.Nf5
g6 17.N5d4 Ng4 18.Qd2 Bf6 19.Rhf1 Be5 20.Nxe5 dxe5 21.Nf3 Qd6 22.g3 fxg3 23.
fxg3 O-O 24.Ng5 Rad8 25.Be2 Bc8 26.Rf3 b5 27.Rdf1 f6 28.Nh3 Kg7 29.Bd1 c6 30.
Rd3 a5 31.Bxg4 Bxg4 32.Nf2 c5 33.Nxg4 hxg4 34.Qd1 c4 35.Rd2 f5 36.Qc2 f4 37.
gxf4 exf4 38.Rg2 g3 39.Qd1 Qe5 40.Qd4 Qxd4 41.cxd4 Kh6 42.Kd2 Kh5 43.Ke2 Kg4
44.Rgg1 Rfe8 45.e5 Rxd5 46.Rd1 f3 47.Ke3 f2 48.Rg2 Rexe5 49.dxe5 Rxd1 0-1

[Event "TIPC 2011"]
[Site "Roux, BEL"]
[Date "2011.08.04"]
[Round "7.17"]
[White "Watelet, Sylvain"]
[Black "Bikady, Claude"]
[Result "1/2-1/2"]
[BlackElo "1995"]
[WhiteElo "1890"]

1.e4 c5 2.c4 Nc6 3.g3 g6 4.Bg2 Bg7 5.Ne2 d6 6.Nbc3 Bd7 7.O-O Qc8 8.Re1 h5 9.h4
Nd4 10.d3 Bg4 11.Qa4 Kf8 12.Nxd4 Bxd4 13.Qc2 Bh3 14.Ne2 Bxg2 15.Kxg2 Bf6 16.Rh1
Nh6 17.f3 Bg7 18.Bd2 Qd7 19.Bc3 e5 20.b4 b6 21.b5 f5 22.a4 Nf7 23.a5 Ke7 24.Bd2
Bf6 25.Nc3 Qb7 26.Nd5 Ke6 27.axb6 axb6 28.Qb2 Rhg8 29.Rxa8 Rxa8 30.Ra1 Bd8 31.
Ra2 Kd7 32.Qa1 1/2-1/2

[Event "TIPC 2011"]
[Site "Roux, BEL"]
[Date "2011.08.04"]
[Round "7.18"]
[White "Vanhee, Freddy"]
[Black "Onbelet, Steve"]
[Result "1/2-1/2"]
[BlackElo "1718"]
[WhiteElo "1984"]

1.d4 d5 2.c3 Nf6 3.Bf4 e6 4.e3 c5 5.Nd2 Nc6 6.Bd3 Bd7 7.h3 Be7 8.Ngf3 cxd4 9.
exd4 Nh5 10.Bh2 g6 11.O-O O-O 12.Re1 Ng7 13.Ne5 Nxe5 14.Bxe5 Qb6 15.Qb3 Qxb3
16.axb3 a6 17.Ra5 Ne8 18.b4 Nd6 19.Bxd6 Bxd6 20.Rea1 Rab8 21.Nb3 Bc7 22.R5a2
Rfe8 23.Nc5 Bc6 24.Re1 Re7 25.Raa1 Rbe8 26.Re2 e5 27.dxe5 Bxe5 28.Rae1 Bf6 29.
Rxe7 Rxe7 30.Rxe7 Bxe7 31.Nb3 Bg5 32.Na5 Bc1 1/2-1/2

[Event "TIPC 2011"]
[Site "Roux, BEL"]
[Date "2011.08.04"]
[Round "7.20"]
[White "Remy, Joel"]
[Black "Hanset, Marc"]
[Result "1-0"]
[BlackElo "1881"]
[WhiteElo "2089"]

1.d4 Nf6 2.Nf3 d5 3.Bg5 e6 4.Nbd2 h6 5.Bh4 Be7 6.e3 O-O 7.Bd3 b6 8.e4 dxe4 9.
Nxe4 Bb7 10.Bxf6 Bxf6 11.c3 Nd7 12.O-O e5 13.Bc2 exd4 14.cxd4 Re8 15.Re1 Nf8
16.Qd3 g6 17.Rad1 Ne6 18.Ba4 c6 19.Qd2 Ng5 20.Nfxg5 Bxg5 21.f4 Bf6 22.d5 b5 23.
Bb3 cxd5 24.Bxd5 Qb6 25.Kh1 Red8 26.Nxf6 Qxf6 27.Re5 Rd6 28.Bxf7 Kxf7 29.Qxd6
Qxd6 30.Rxd6 Rc8 31.Rd7 Kf6 32.Re1 1-0

[Event "TIPC 2011"]
[Site "Roux, BEL"]
[Date "2011.08.05"]
[Round "8.1"]
[White "Vandevoort, Pascal"]
[Black "Laurent, Bruno"]
[Result "1/2-1/2"]
[BlackElo "2365"]
[WhiteElo "2409"]

1.Nf3 Nf6 2.g3 b5 3.Bg2 Bb7 4.O-O e6 5.b3 Be7 6.Bb2 O-O 7.d3 d5 8.Nbd2 Nbd7 9.
e4 c5 10.exd5 Nxd5 11.Ne5 Nxe5 12.Bxe5 Qd7 13.Re1 Nf6 14.Ne4 Nxe4 15.Bxe4 Rfd8
16.Qg4 g6 17.Qh3 Bf8 18.Bf6 Bg7 19.Qh4 Bxf6 20.Qxf6 Rab8 21.a4 c4 22.axb5 Bxe4
23.dxe4 cxb3 24.cxb3 Rb7 25.Ra4 Rdb8 26.Rea1 Qxb5 27.h4 Qc5 28.Kg2 Qe7 29.e5 h5
30.Qxe7 Rxe7 31.Rxa7 Rxa7 32.Rxa7 Rxb3 33.Ra5 1/2-1/2

[Event "TIPC 2011"]
[Site "Roux, BEL"]
[Date "2011.08.05"]
[Round "8.4"]
[White "Cools, Gorik"]
[Black "Lacroix, Bruno"]
[Result "1-0"]
[BlackElo "2185"]
[WhiteElo "2230"]

1.e4 e6 2.d4 d5 3.e5 c5 4.c3 Nc6 5.Nf3 Bd7 6.Be2 f6 7.O-O fxe5 8.Nxe5 Nxe5 9.
dxe5 Qc7 10.f4 Nh6 11.Be3 Be7 12.Nd2 O-O-O 13.Rc1 g5 14.fxg5 Nf5 15.Bf4 c4 16.
Kh1 Qb6 17.Qe1 Rdg8 18.Bg4 Bxg5 19.Bxf5 Bxf4 20.Rxf4 exf5 21.Rf2 Rg4 22.Nf3
Rhg8 23.Qd2 Qg6 24.Rcf1 Qg7 25.Nd4 Qxe5 26.Nxf5 Bxf5 27.Rxf5 Qe4 28.Qxd5 Qxd5
29.Rxd5 Rxg2 30.Rf8 Rxf8 31.Kxg2 Rf4 32.Rh5 Rf6 33.Rc5 Kd7 34.Rxc4 h6 35.Kg3
Ra6 36.a4 Re6 37.Kf3 a5 38.Rd4 Kc7 39.Re4 Rb6 40.Re2 Rf6 41.Ke4 Rd6 42.Rg2 Rb6
43.Kf5 Kb8 44.h4 Ka8 45.h5 Ka7 46.Ke5 Rc6 47.Rd2 b6 48.Kf5 Ka6 49.Rd5 Ka7 50.
Re5 Rd6 51.Re6 Rd2 52.Rxh6 Rxb2 53.Rh7 Ka8 54.Rg7 Rh2 55.Kg6 Rh4 56.h6 1-0

[Event "TIPC 2011"]
[Site "Roux, BEL"]
[Date "2011.08.05"]
[Round "8.5"]
[White "Verspecht, Thierry"]
[Black "Sclacmender, Julien"]
[Result "0-1"]
[BlackElo "2221"]
[WhiteElo "2077"]

1.d4 Nf6 2.c4 g6 3.Nc3 d5 4.Bg5 Ne4 5.Bf4 Nxc3 6.bxc3 Bg7 7.Nf3 dxc4 8.Qa4 c6
9.Qxc4 O-O 10.e3 b5 11.Qd3 Be6 12.Qd2 Qa5 13.Be2 Nd7 14.Ng5 Bc4 15.Bxc4 bxc4
16.Nf3 Rfd8 17.O-O e5 18.Bg5 f6 19.Bh4 e4 20.Ne1 Nc5 21.f3 Nb3 22.axb3 Qxa1 23.
b4 a5 24.fxe4 axb4 25.cxb4 Ra2 26.Nf3 Qxf1 27.Kxf1 Rxd2 28.Nxd2 c3 29.Nb3 Rb8
30.Ke2 Rxb4 31.Nc1 c5 32.Kd3 cxd4 33.exd4 f5 34.Bf2 Rb2 35.Bg3 fxe4 36.Kxc3
Rxg2 37.Nb3 Kf7 38.Nc5 e3 39.Nd3 Ra2 40.Ne1 Ke6 41.Kd3 Kd5 42.Kxe3 Bxd4 43.Kf3
Be5 44.Kg4 Bxg3 45.hxg3 Ke4 0-1